<?xml version="1.0" encoding="UTF-8"?>
<record
    xmlns:xsi="http://www.w3.org/2001/XMLSchema-instance"
    xsi:schemaLocation="http://www.loc.gov/MARC21/slim http://www.loc.gov/standards/marcxml/schema/MARC21slim.xsd"
    xmlns="http://www.loc.gov/MARC21/slim">

  <leader>00867nam a2200217   4500</leader>
  <controlfield tag="001">99761</controlfield>
  <controlfield tag="003">ES-MaACL</controlfield>
  <controlfield tag="005">20230906182542.0</controlfield>
  <controlfield tag="007">t|</controlfield>
  <controlfield tag="008">050915s1936    sp f         ||||1| spa d</controlfield>
  <datafield tag="245" ind1="0" ind2="0">
    <subfield code="a">Trujillo del Per&#xFA; a fines del Siglo XVIII </subfield>
    <subfield code="b">: dibujos y acuarelas que mand&#xF3; hacer el obispo D. Baltasar Jaime Mart&#xED;nez Compa&#xF1;&#xF3;n.</subfield>
  </datafield>
  <datafield tag="260" ind1=" " ind2=" ">
    <subfield code="a">Madrid : </subfield>
    <subfield code="b">Patrimonio de la Rep&#xFA;blica : </subfield>
    <subfield code="b">Biblioteca de Palacio,</subfield>
    <subfield code="c">[1936]</subfield>
  </datafield>
  <datafield tag="300" ind1=" " ind2=" ">
    <subfield code="a">CIV h. de l&#xE1;m. ; </subfield>
    <subfield code="c">25 cm.</subfield>
  </datafield>
  <datafield tag="599" ind1=" " ind2=" ">
    <subfield code="a">L&#xE1;m.: mapas, planos, il. col. y n.</subfield>
  </datafield>
  <datafield tag="650" ind1="0" ind2="4">
    <subfield code="a">Naturaleza-</subfield>
    <subfield code="z">Per&#xFA;-</subfield>
    <subfield code="v">Obras anteriores a 1800.</subfield>
    <subfield code="9">142620</subfield>
  </datafield>
  <datafield tag="651" ind1=" " ind2="4">
    <subfield code="a">Per&#xFA;-</subfield>
    <subfield code="x">Descripci&#xF3;n-</subfield>
    <subfield code="v">Obras anteriores a 1800.</subfield>
    <subfield code="9">142621</subfield>
  </datafield>
  <datafield tag="651" ind1=" " ind2="4">
    <subfield code="a">Per&#xFA;-</subfield>
    <subfield code="v">Obras ilustradas.</subfield>
    <subfield code="9">142625</subfield>
  </datafield>
  <datafield tag="700" ind1="1" ind2=" ">
    <subfield code="a">Mart&#xED;nez Compa&#xF1;&#xF3;n, Baltasar Jaime.</subfield>
    <subfield code="9">77949</subfield>
  </datafield>
  <datafield tag="710" ind1="2" ind2=" ">
    <subfield code="a">Palacio Real (Madrid). </subfield>
    <subfield code="b">Biblioteca.</subfield>
    <subfield code="9">6101</subfield>
  </datafield>
  <datafield tag="852" ind1="4" ind2=" ">
    <subfield code="a"> BA </subfield>
    <subfield code="j">C-2773</subfield>
  </datafield>
  <datafield tag="999" ind1=" " ind2=" ">
    <subfield code="c">99761</subfield>
    <subfield code="d">99761</subfield>
  </datafield>
  <datafield tag="952" ind1=" " ind2=" ">
    <subfield code="0">0</subfield>
    <subfield code="1">0</subfield>
    <subfield code="4">0</subfield>
    <subfield code="7">0</subfield>
    <subfield code="a">ATENEOM</subfield>
    <subfield code="b">ATENEOM</subfield>
    <subfield code="c">SPAL</subfield>
    <subfield code="d">2008-01-17</subfield>
    <subfield code="e">SC</subfield>
    <subfield code="l">0</subfield>
    <subfield code="o">C-2773</subfield>
    <subfield code="p">1104167</subfield>
    <subfield code="r">2023-02-23 00:00:00</subfield>
    <subfield code="w">2023-02-23</subfield>
    <subfield code="y">MONOGRAFIA</subfield>
  </datafield>
</record>
